LIBRARY & INFORMATION CENTRE, KCAET, TAVANUR

ONLINE PUBLIC ACCESS CATALOGUE (OPAC)

Development of fertiliser application for 4-wheel drive rice transplanter (Record no. 15717)

MARC details
000 -LEADER
fixed length control field 00459nam a22001577a 4500
003 - CONTROL NUMBER IDENTIFIER
control field OSt
082 ## - DEWEY DECIMAL CLASSIFICATION NUMBER
Classification number 631.3
Item number ANI/D
088 ## - REPORT NUMBER
Report number P 453
100 ## - MAIN ENTRY--AUTHOR NAME
Personal name Anirudh M K
100 ## - MAIN ENTRY--AUTHOR NAME
Personal name Joshila Mary J
100 ## - MAIN ENTRY--AUTHOR NAME
Personal name Suraja A R
245 ## - TITLE STATEMENT
Title Development of fertiliser application for 4-wheel drive rice transplanter
260 ## - PUBLICATION, DISTRIBUTION, ETC. (IMPRINT)
Place of publication Tavanur
Name of publisher Department of Farm machinery and power engineering
Year of publication 2019
700 ## - ADDED ENTRY--PERSONAL NAME
Personal name Shivaji K P (Guide)
942 ## - ADDED ENTRY ELEMENTS (KOHA)
Koha item type Project Report
Holdings
Collection code Home library Current library Shelving location Full call number Accession Number Koha item type
Reference KAUAET KAUAET Reference 631.3 ANI/D P 453 Project Report
free website counter